|
|
|
|
| LEADER |
00818nam a2200157Ia 4500 |
| 001 |
IUH_2025_00575 |
| 008 |
251224s9999 xx 000 0 und d |
| 082 |
|
|
|a 628
|
| 100 |
|
|
|a Trần, Thị Tường Vân
|
| 245 |
|
0 |
|a Nghiên cứu tổng hợp graphen oxit và graphen oxit cacboxyl hóa ứng dụng hấp phụ một số kim loại nặng trong nước : Báo cáo tổng kết đề tài Khoa học cấp Trường
|
| 245 |
|
0 |
|c Trần, Thị Tường Vân
|
| 260 |
|
|
|b Đại học Công nghiệp TP. Hồ Chí Minh
|
| 260 |
|
|
|c 2025
|
| 650 |
|
|
|a Quản lý môi trường; Xử lý nước thải;
|
| 927 |
|
|
|a Đề tài khoa học
|
| 980 |
|
|
|a Trung tâm Thư viện - Trường Đại học Công nghiệp TP. Hồ Chí Minh
|